El sindicalismo mexicano: entre la marginación y la recomposición /
Saved in:
| Main Author: | |
|---|---|
| Format: | Text |
| Subjects: | |
| Tags: |
Add Tag
No Tags, Be the first to tag this record!
|
MARC
| LEADER | 00000 a a2200000 04500 | ||
|---|---|---|---|
| 001 | 10877 | ||
| 003 | |||
| 040 | |||
| 100 | |a Blanke, Svenja | ||
| 245 | |a El sindicalismo mexicano: |b entre la marginación y la recomposición / |c Svenja Blanke | ||
| 650 | |a SINDICALISMO | ||
| 650 | |a MOVIMIENTOS SOCIALES | ||
| 650 | |a MEXICO | ||
| 773 | |g número 211; páginas 109-123 | ||
| 999 | |c 32760 |d 32760 | ||
